Private management of the urban public realm: (Record no. 121754)
[ view plain ]
| 000 -LEADER | |
|---|---|
| fixed length control field | 01154cam a2200217 4500 |
| 008 - FIXED-LENGTH DATA ELEMENTS--GENERAL INFORMATION | |
| fixed length control field | 040913t2015 000 0 eng u |
| 041 ## - LANGUAGE CODE | |
| Language code of text/sound track or separate title | eng |
| 110 2# - MAIN ENTRY--CORPORATE NAME | |
| Corporate name or jurisdiction name as entry element | Royal Institution of Chartered Surveyors |
| 9 (RLIN) | 4900 |
| 245 00 - TITLE STATEMENT | |
| Title | Private management of the urban public realm: |
| Remainder of title | the implications of contracted-out publicness |
| Medium | [electronic resource] |
| 260 ## - PUBLICATION, DISTRIBUTION, ETC. | |
| Place of publication, distribution, etc. | London |
| Name of publisher, distributor, etc. | RICS |
| Date of publication, distribution, etc. | 2015 |
| 300 ## - PHYSICAL DESCRIPTION | |
| Extent | 84p. |
| 490 #0 - SERIES STATEMENT | |
| Series statement | RICS Research |
| 520 ## - SUMMARY, ETC. | |
| Summary, etc. | This research seeks to examine how the ‘publicness’ of open, publicly-owned spaces – defined as a function of openness/accessibility and accountability, is affected by the various contractual forms of transfer of public space management tasks from the public sector to private and user-based organisations, and what are the main implications of this process.<br/> |
| 650 24 - SUBJECT ADDED ENTRY--TOPICAL TERM | |
| Topical term or geographic name entry element | PUBLIC SPACES |
| 651 #4 - SUBJECT ADDED ENTRY--GEOGRAPHIC NAME | |
| Geographic name | United Kingdom |
| 690 ## - LOCAL SUBJECT ADDED ENTRY--TOPICAL TERM (OCLC, RLIN) | |
| Topical term or geographic name as entry element | Built Environment |
| 9 (RLIN) | 6307 |
| 700 1# - ADDED ENTRY--PERSONAL NAME | |
| Personal name | De Magalhaes, Claudio |
| 700 1# - ADDED ENTRY--PERSONAL NAME | |
| Personal name | Trigo, Sonia |
| 856 48 - ELECTRONIC LOCATION AND ACCESS | |
| Uniform Resource Identifier | <a href="http://www.propertyresearchtrust.org/uploads/1/3/4/8/134819607/private_management_of_urban_public_realm.pdf">http://www.propertyresearchtrust.org/uploads/1/3/4/8/134819607/private_management_of_urban_public_realm.pdf</a> |
| Public note | Available from the Property Research Trust |
| 942 ## - ADDED ENTRY ELEMENTS (KOHA) | |
| Suppress in OPAC | 0 |
| Source of classification or shelving scheme | Dewey Decimal Classification |
| Withdrawn status | Lost status | Source of classification or shelving scheme | Damaged status | Not for loan | Home library | Current library | Shelving location | Date acquired | Total Checkouts | Full call number | Date last seen | Price effective from | Koha item type |
|---|---|---|---|---|---|---|---|---|---|---|---|---|---|
| Dewey Decimal Classification | Virtual | Virtual | Online | 02/01/2024 | SCAN | 02/02/2024 | 02/01/2024 | Online material |